|
|
|
|
| LEADER |
00944nab a2200277 i 4500 |
| 001 |
publ1649 |
| 005 |
20180717142626.0 |
| 008 |
120928s2010 hu o 0|| angol d |
| 022 |
|
|
|a 1932-7447
|
| 024 |
7 |
|
|a 10.1021/jp9083508
|2 doi
|
| 024 |
7 |
|
|a 1297837
|2 mtmt
|
| 040 |
|
|
|a SZTE Publicatio Repozitórium
|b hun
|
| 041 |
|
|
|a angol
|
| 100 |
1 |
|
|a Mohl Melinda
|
| 245 |
1 |
0 |
|a Synthesis of Catalytic Porous Metallic Nanorods by Galvanic Exchange Reaction
|h [elektronikus dokumentum] /
|c Mohl Melinda
|
| 260 |
|
|
|c 2010
|
| 300 |
|
|
|a 389-393
|
| 490 |
0 |
|
|a The Journal of Physical Chemistry C
|v 114 No. 1
|
| 700 |
0 |
1 |
|a Kumar Ashavani
|e aut
|
| 700 |
0 |
1 |
|a Reddy Arava Leela Mohana
|e aut
|
| 700 |
0 |
1 |
|a Kukovecz Ákos
|e aut
|
| 700 |
0 |
1 |
|a Kónya Zoltán
|e aut
|
| 700 |
0 |
1 |
|a Kiricsi Imre
|e aut
|
| 700 |
0 |
1 |
|a Vajtai Róbert
|e aut
|
| 700 |
0 |
1 |
|a Ajayan Pulickel M.
|e aut
|
| 856 |
4 |
0 |
|u http://publicatio.bibl.u-szeged.hu/1649/1/JPC-C114%282010%29389.pdf
|z Dokumentum-elérés
|